[Event "HUN-chT2 Barcza 0708"]
[Site "Hungary"]
[Date "2007.10.14"]
[Round "1"]
[White "Merenyi, Gabor"]
[Black "Boer, Jozsef"]
[Result "0-1"]
[WhiteElo "2122"]
[BlackElo "2259"]
[PlyCount "52"]
[EventDate "2007.10.14"]
[EventType "team"]
[EventRounds "11"]
[EventCountry "HUN"]
[SourceTitle "EXT 2009"]
[Source "ChessBase"]
[SourceDate "2008.11.26"]
[SourceVersion "1"]
[SourceVersionDate "2008.11.26"]
[SourceQuality "1"]
[WhiteTeam "Kazincbarcika II"]
[BlackTeam "Tiszaujvaros"]
[WhiteTeamCountry "HUN"]
[BlackTeamCountry "HUN"]

1. e4 c5 2. Nf3 Nc6 3. d4 cxd4 4. Nxd4 Qc7 5. Nc3 e6 6. a3 a6 7. Be3 Nf6 8. Be2 Be7 9. f4 d6 10. Qd3 0-0 11. 0-0 Bd7 12. Rad1 b5 13. Bf3 Rab8 14. Nce2 Na5 15. c3 Rfe8 16. Kh1 Bf8 17. g4 Nc4 18. Bc1 e5 19. Nf5 exf4 20. Bxf4 Bxf5 21. gxf5 Nxb2 22. Bxd6 Qb6 23. Qd4 Bxd6 24. Qxd6 Nxd1 25. Qxb6 Rxb6 26. Rxd1 h6 0-1

[Event "HUN-chT2 Barcza 0506"]
[Site "Hungary"]
[Date "2006.04.23"]
[Round "11"]
[White "Boer, Jozsef"]
[Black "Kanyadi, Zoltan"]
[Result "1/2-1/2"]
[WhiteElo "2277"]
[BlackElo "2130"]
[PlyCount "116"]
[EventDate "2005.10.16"]
[EventType "team"]
[EventRounds "11"]
[EventCountry "HUN"]
[SourceTitle "EXT 2009"]
[Source "ChessBase"]
[SourceDate "2008.11.26"]
[SourceVersion "1"]
[SourceVersionDate "2008.11.26"]
[SourceQuality "1"]
[WhiteTeam "Tiszaujvaros"]
[BlackTeam "Lokomotiv"]
[WhiteTeamCountry "HUN"]
[BlackTeamCountry "HUN"]

1. e4 Nf6 2. e5 Nd5 3. d4 d6 4. c4 Nb6 5. exd6 cxd6 6. Nc3 g6 7. b3 Bg7 8. Bb2 Nc6 9. d5 Ne5 10. Be2 h5 11. h3 e6 12. dxe6 Bxe6 13. Nf3 d5 14. cxd5 Nxf3+ 15. Bxf3 Nxd5 16. Bxd5 Qa5 17. 0-0 Bxc3 18. Bxe6 fxe6 19. Bxc3 Qxc3 20. Rc1 Qf6 21. Qd6 Rd8 22. Qb4 Rh7 23. Rc3 Qd4 24. Qb5+ Kf8 25. Rf3+ Kg8 26. Qg5 Rg7 27. Rc1 Qd2 28. Qxd2 Rxd2 29. Rc8+ Kh7 30. Rff8 g5 31. Rh8+ Kg6 32. Rce8 Kf5 33. Rxh5 Rxa2 34. Rf8+ Kg6 35. Rhh8 Rb2 36. Rf3 a6 37. Re8 Re2 38. Ref8 Re1+ 39. Kh2 Re5 40. R3f6+ Kh7 41. Re8 Rb5 42. Rf3 Rg6 43. Re7+ Rg7 44. Rxe6 g4 45. hxg4 Rxg4 46. Re7+ Rg7 47. Rxg7+ Kxg7 48. g4 a5 49. Re3 Rb4 50. Kg3 b5 51. f3 Kf6 52. Rc3 Ke5 53. g5 Kd4 54. Rc8 Rxb3 55. g6 Rb1 56. Rg8 Ke5 57. Rf8 Rg1+ 58. Kf2 Rxg6 1/2-1/2

[Event "HUN-chT2 Barcza 0506"]
[Site "Hungary"]
[Date "2005.12.04"]
[Round "5"]
[White "Boer, Jozsef"]
[Black "Szarvas, Peter"]
[Result "1-0"]
[WhiteElo "2277"]
[BlackElo "2217"]
[PlyCount "69"]
[EventDate "2005.10.16"]
[EventType "team"]
[EventRounds "11"]
[EventCountry "HUN"]
[SourceTitle "EXT 2009"]
[Source "ChessBase"]
[SourceDate "2008.11.26"]
[SourceVersion "1"]
[SourceVersionDate "2008.11.26"]
[SourceQuality "1"]
[WhiteTeam "Tiszaujvaros"]
[BlackTeam "Hajduszoboszlo"]
[WhiteTeamCountry "HUN"]
[BlackTeamCountry "HUN"]

1. e4 c5 2. Nf3 e6 3. d4 cxd4 4. Nxd4 a6 5. Be2 Ne7 6. Nc3 Nec6 7. Nb3 Be7 8. Be3 d6 9. a4 Nd7 10. a5 0-0 11. 0-0 Qc7 12. Na4 Nce5 13. Bd4 Nc5 14. Nbxc5 dxc5 15. Nb6 Rb8 16. Bc3 Rd8 17. Qe1 Nc6 18. f4 Nd4 19. Bd3 Bd7 20. f5 exf5 21. exf5 Bf6 22. Bd2 Nc6 23. Bf4 Be5 24. Qh4 f6 25. Nd5 Qd6 26. Bc4 Kh8 27. Rad1 Nxa5 28. Nxf6 Qxf6 29. Bg5 Qf8 30. Be6 Bxe6 31. Bxd8 Bd4+ 32. Rxd4 cxd4 33. fxe6 Qxd8 34. Qxd8+ Rxd8 35. e7 1-0

[Event "Eger Agria op"]
[Site "Eger"]
[Date "2005.07.28"]
[Round "5"]
[White "Bemak, Mikhail"]
[Black "Boer, Jozsef"]
[Result "0-1"]
[WhiteElo "2187"]
[BlackElo "2277"]
[PlyCount "84"]
[EventDate "2005.07.18"]
[EventType "swiss"]
[EventRounds "9"]
[EventCountry "HUN"]
[SourceTitle "EXT 2008"]
[Source "ChessBase"]
[SourceDate "2007.11.25"]
[SourceVersion "1"]
[SourceVersionDate "2007.11.25"]
[SourceQuality "1"]

1. c4 Nf6 2. Nc3 c5 3. Nf3 Nc6 4. d4 cxd4 5. Nxd4 g6 6. g3 Bg7 7. Bg2 a6 8. 0-0 0-0 9. Nc2 d6 10. Qd2 Be6 11. b3 h5 12. Bb2 h4 13. gxh4 Nh5 14. Ne1 Kh7 15. Ne4 f6 16. Nf3 Bh6 17. e3 Qc8 18. Ng3 Bh3 19. Qd3 Kg7 20. Qe4 e5 21. Rfd1 Bxg2 22. Kxg2 f5 23. Qd5 Rf6 24. Nxh5+ gxh5 25. Kh1 Ne7 26. Rg1+ Kh7 27. Qd1 Qc6 28. Qe2 Qe4 29. Rg2 Rg6 30. Rag1 Rag8 31. Rxg6 Nxg6 32. Rg3 Nxh4 33. Rxg8 Kxg8 34. Ba3 Nxf3 35. Qd1 Ne1+ 36. f3 Nxf3 37. Qd5+ Qxd5 38. cxd5 Bf8 39. Kg2 Ne1+ 40. Kh3 Be7 41. Kg3 Nc2 42. Bc1 Nb4 0-1

[Event "Eger Agria op"]
[Site "Eger"]
[Date "2005.07.27"]
[Round "4"]
[White "Boer, Jozsef"]
[Black "Toth, Andras"]
[Result "0-1"]
[WhiteElo "2277"]
[BlackElo "2449"]
[PlyCount "50"]
[EventDate "2005.07.18"]
[EventType "swiss"]
[EventRounds "9"]
[EventCountry "HUN"]
[SourceTitle "EXT 2008"]
[Source "ChessBase"]
[SourceDate "2007.11.25"]
[SourceVersion "1"]
[SourceVersionDate "2007.11.25"]
[SourceQuality "1"]

1. e4 e5 2. Nf3 Nc6 3. c3 Nf6 4. d4 exd4 5. e5 Ne4 6. cxd4 d5 7. exd6 Bxd6 8. Bd3 Bb4+ 9. Nbd2 Nxd2 10. Bxd2 Qe7+ 11. Be2 Be6 12. 0-0 Bxd2 13. Qxd2 0-0-0 14. Rfe1 Bd5 15. Rac1 Qb4 16. Qc3 Rhe8 17. a3 Qd6 18. Ne5 f6 19. Bg4+ Kb8 20. Nd7+ Ka8 21. Rxe8 Rxe8 22. Nc5 Qf4 23. Bd7 Nxd4 24. Re1 Ne2+ 25. Kf1 Qxh2 0-1

[Event "Eger Agria op"]
[Site "Eger"]
[Date "2005.07.26"]
[Round "3"]
[White "Sikula, Vaszilij"]
[Black "Boer, Jozsef"]
[Result "1/2-1/2"]
[WhiteElo "2456"]
[BlackElo "2277"]
[PlyCount "101"]
[EventDate "2005.07.18"]
[EventType "swiss"]
[EventRounds "9"]
[EventCountry "HUN"]
[SourceTitle "EXT 2008"]
[Source "ChessBase"]
[SourceDate "2007.11.25"]
[SourceVersion "1"]
[SourceVersionDate "2007.11.25"]
[SourceQuality "1"]

1. e4 c5 2. Nf3 Nc6 3. d4 cxd4 4. Nxd4 Qc7 5. Nc3 e6 6. Be2 a6 7. 0-0 Nf6 8. Be3 Bb4 9. Na4 0-0 10. c4 Nxe4 11. Bf3 Nf6 12. c5 d6 13. Nxc6 bxc6 14. Qxd6 Qxd6 15. cxd6 Bxd6 16. Bxc6 Rb8 17. Rfd1 Be7 18. Rac1 Nd5 19. Bxd5 exd5 20. b3 Be6 21. Rc6 a5 22. Bc5 Rfe8 23. Bxe7 Rxe7 24. Rc5 Ra7 25. f3 Kf8 26. Kf2 Rb4 27. Nb2 g6 28. Ke3 h5 29. Rd4 Re7 30. Rd2 a4 31. bxa4 Bf5+ 32. Kf2 Reb7 33. Nd1 Rxa4 34. Nc3 Rc4 35. Rxc4 dxc4 36. Ke3 Bd3 37. a4 Ke7 38. a5 Kd7 39. Na4 Kc6 40. Rb2 Rxb2 41. Nxb2 Bf1 42. Kd4 c3 43. Kxc3 Bxg2 44. f4 Kb5 45. Nc4 f6 46. Kd4 h4 47. Nd6+ Kxa5 48. Ne8 g5 49. f5 Bh3 50. Ke4 g4 51. Kf4 1/2-1/2

[Event "HUN-chT2 Barcza 0405"]
[Site "Hungary"]
[Date "2005.02.06"]
[Round "7"]
[White "Boer, Jozsef"]
[Black "Mate, Laszlo"]
[Result "1-0"]
[WhiteElo "2232"]
[BlackElo "2314"]
[PlyCount "83"]
[EventDate "2004.09.26"]
[EventType "team"]
[EventRounds "11"]
[EventCountry "HUN"]
[SourceTitle "EXT 2009"]
[Source "ChessBase"]
[SourceDate "2008.11.26"]
[SourceVersion "1"]
[SourceVersionDate "2008.11.26"]
[SourceQuality "1"]
[WhiteTeam "Tiszaujvaros"]
[BlackTeam "Piremon II"]
[WhiteTeamCountry "HUN"]
[BlackTeamCountry "HUN"]

1. e4 c5 2. Nf3 Nc6 3. d4 cxd4 4. Nxd4 Qc7 5. Nc3 e6 6. Be3 a6 7. Be2 Bb4 8. 0-0 Nf6 9. Na4 b5 10. Nxc6 Qxc6 11. Nb6 Rb8 12. e5 Ng8 13. Bf3 Qc7 14. Qd4 Ba5 15. Na8 Rxa8 16. Bxa8 Ne7 17. Be4 Nc6 18. Bxc6 Qxc6 19. Qc5 Bb7 20. Qxc6 Bxc6 21. Bc5 h5 22. Rfc1 Bd2 23. Rd1 Bf4 24. Bd6 h4 25. Rd4 Bg5 26. c4 Bd8 27. cxb5 axb5 28. b3 Bb6 29. Rg4 g6 30. a4 bxa4 31. bxa4 Rh5 32. Rb1 Ba7 33. Rbb4 g5 34. Rgc4 f6 35. exf6 Rh7 36. h3 Rf7 37. Be7 Rh7 38. a5 Kf7 39. a6 Rh8 40. Rxc6 dxc6 41. Rb7 Ra8 42. Bc5+ 1-0

[Event "Eger Agria op"]
[Site "Eger"]
[Date "2004.07.18"]
[Round "2"]
[White "Gunyecz, Zoltan"]
[Black "Boer, Jozsef"]
[Result "0-1"]
[WhiteElo "2060"]
[BlackElo "2232"]
[PlyCount "57"]
[EventDate "2004.07.17"]
[EventType "swiss"]
[EventRounds "9"]
[EventCountry "HUN"]
[SourceTitle "EXT 2008"]
[Source "ChessBase"]
[SourceDate "2007.11.25"]
[SourceVersion "1"]
[SourceVersionDate "2007.11.25"]
[SourceQuality "1"]

1. d4 Nf6 2. c4 c5 3. d5 b5 4. cxb5 a6 5. e3 axb5 6. Bxb5 Bb7 7. Nc3 e6 8. Bc4 exd5 9. Nxd5 Nc6 10. Nf3 Na5 11. Nxf6+ Qxf6 12. Bd5 Nc6 13. Bd2 Ba6 14. Bc3 Qg6 15. Nh4 Qd3 16. Qf3 f6 17. Bxc6 dxc6 18. Rd1 Qb5 19. Qe4+ Be7 20. Rd2 Qc4 21. Qxc6+ Kf7 22. Nf5 Rad8 23. Nxe7 Rxd2 24. Kxd2 Rd8+ 25. Kc2 Qxa2 26. Nd5 Rxd5 27. Rd1 Rxd1 28. Kxd1 Qc4 29. Qd7+ 0-1

[Event "Zuzmara op"]
[Site "Aggtelek"]
[Date "2004.02.07"]
[Round "7"]
[White "Mihok, Laszlo"]
[Black "Boer, Jozsef"]
[Result "1-0"]
[WhiteElo "2253"]
[BlackElo "2230"]
[PlyCount "45"]
[EventDate "2004.02.04"]
[EventType "swiss"]
[EventRounds "7"]
[EventCountry "HUN"]
[SourceTitle "EXT 2008"]
[Source "ChessBase"]
[SourceDate "2007.11.25"]
[SourceVersion "1"]
[SourceVersionDate "2007.11.25"]
[SourceQuality "1"]

1. d4 Nf6 2. Bg5 d5 3. e3 Bf5 4. Bxf6 exf6 5. c4 Bxb1 6. Qxb1 Bb4+ 7. Kd1 Be7 8. c5 0-0 9. Bd3 g6 10. h4 Qd7 11. Qc2 b6 12. h5 bxc5 13. hxg6 fxg6 14. Nf3 Qg4 15. Rh4 Qxg2 16. Ke2 f5 17. Rh2 Qxh2 18. Nxh2 c4 19. Bxc4 dxc4 20. Qxc4+ Rf7 21. Qxc7 Bf6 22. Qc8+ Kg7 23. Rc1 1-0

[Event "HUN-chT2 Barcza 0304"]
[Site "Hungary"]
[Date "2003.11.16"]
[Round "3"]
[White "Boer, Jozsef"]
[Black "Farkas, Lajos"]
[Result "1-0"]
[WhiteElo "2222"]
[BlackElo "2056"]
[PlyCount "43"]
[EventDate "2003.08.29"]
[EventType "team"]
[EventRounds "11"]
[EventCountry "HUN"]
[SourceTitle "EXT 2009"]
[Source "ChessBase"]
[SourceDate "2008.11.26"]
[SourceVersion "1"]
[SourceVersionDate "2008.11.26"]
[SourceQuality "1"]
[WhiteTeam "Tiszaujvaros"]
[BlackTeam "Debrecen Betu"]
[WhiteTeamCountry "HUN"]
[BlackTeamCountry "HUN"]

1. e4 e6 2. d3 b6 3. g3 Bb7 4. Bg2 d6 5. Nc3 Nf6 6. f4 Be7 7. Nf3 Nbd7 8. 0-0 e5 9. Qe1 0-0 10. f5 c6 11. Kh1 Qc7 12. g4 d5 13. g5 Nh5 14. f6 Bd6 15. Nh4 Nf4 16. fxg7 Kxg7 17. Bxf4 exf4 18. Nf5+ Kh8 19. exd5 Rae8 20. Qh4 Re5 21. Qxf4 cxd5 22. Nb5 1-0

[Event "HUN-chT2 Barcza 0304"]
[Site "Hungary"]
[Date "2003.10.05"]
[Round "2"]
[White "Boer, Jozsef"]
[Black "Horvath, Karoly"]
[Result "1-0"]
[WhiteElo "2222"]
[BlackElo "2158"]
[PlyCount "42"]
[EventDate "2003.08.29"]
[EventType "team"]
[EventRounds "11"]
[EventCountry "HUN"]
[SourceTitle "EXT 2009"]
[Source "ChessBase"]
[SourceDate "2008.11.26"]
[SourceVersion "1"]
[SourceVersionDate "2008.11.26"]
[SourceQuality "1"]
[WhiteTeam "Tiszaujvaros"]
[BlackTeam "DEAC"]
[WhiteTeamCountry "HUN"]
[BlackTeamCountry "HUN"]

1. e4 Nc6 2. Nf3 d5 3. exd5 Qxd5 4. Nc3 Qa5 5. d4 Bg4 6. Be2 0-0-0 7. Be3 Nf6 8. h3 Bxf3 9. Bxf3 e5 10. d5 e4 11. Bxe4 Bb4 12. 0-0 Bxc3 13. bxc3 Nxd5 14. Qf3 f6 15. c4 Nde7 16. Rab1 Rd6 17. Rb2 f5 18. Bxc6 Nxc6 19. Rfb1 b6 20. c5 Nd4 21. Bxd4 Rxd4 1-0

[Event "HUN-chT3 0102"]
[Site "Hungary"]
[Date "2002.03.24"]
[Round "9"]
[White "Hajnal, Gyula"]
[Black "Boer, Jozsef"]
[Result "1/2-1/2"]
[WhiteElo "2073"]
[BlackElo "2222"]
[PlyCount "65"]
[EventDate "2001.09.30"]
[EventType "team"]
[EventRounds "11"]
[EventCountry "HUN"]
[SourceTitle "EXT 2004"]
[Source "ChessBase"]
[SourceDate "2003.11.25"]
[SourceVersion "1"]
[SourceVersionDate "2003.11.25"]
[SourceQuality "1"]

1. c4 Nf6 2. Nc3 c5 3. g3 g6 4. Bg2 Bg7 5. Nf3 Nc6 6. 0-0 0-0 7. b3 d6 8. Bb2 Bd7 9. e3 Qc8 10. Ne2 Bf5 11. d4 Nh5 12. Qd2 Rb8 13. Nc3 Nf6 14. Rfe1 Ne4 15. Nxe4 Bxe4 16. d5 Bxb2 17. Qxb2 Nb4 18. Red1 b5 19. Qe2 bxc4 20. Qxc4 Bxf3 21. Bxf3 Na6 22. Qe4 Qd8 23. Rac1 Rb4 24. Rc4 Re8 25. Rdc1 Qa5 26. Rxb4 Nxb4 27. a4 Qb6 28. Be2 Na2 29. Bb5 Nxc1 30. Bxe8 Ne2+ 31. Kf1 Kf8 32. Bb5 Nc3 33. Qc4 1/2-1/2

[Event "HUN-chT3 0102"]
[Site "Hungary"]
[Date "2001.12.02"]
[Round "4.3"]
[White "Farkas, Lajos"]
[Black "Boer, Jozsef"]
[Result "1-0"]
[WhiteElo "2158"]
[BlackElo "2196"]
[PlyCount "69"]
[EventDate "2001.09.30"]
[EventType "team"]
[EventRounds "11"]
[EventCountry "HUN"]
[SourceTitle "EXT 2004"]
[Source "ChessBase"]
[SourceDate "2003.11.25"]
[SourceVersion "1"]
[SourceVersionDate "2003.11.25"]
[SourceQuality "1"]

1. d4 Nf6 2. Nf3 c5 3. d5 g6 4. c4 b5 5. e3 bxc4 6. Bxc4 Bg7 7. Nc3 d6 8. 0-0 0-0 9. Qe2 Nbd7 10. Rb1 Nb6 11. Rd1 Bg4 12. Bb5 Bd7 13. e4 Bxb5 14. Nxb5 Qd7 15. b3 a6 16. Na3 Qg4 17. Re1 Qc8 18. Bb2 Qb7 19. Nc4 Qc7 20. Nxb6 Qxb6 21. Nd2 a5 22. Nc4 Qc7 23. a4 Ra7 24. Qd2 Nd7 25. Bxg7 Kxg7 26. f4 Nb6 27. Na3 Qd7 28. Rbc1 Rc8 29. Rc3 e6 30. Nb5 Ra6 31. dxe6 Qxe6 32. Nxd6 Rc6 33. e5 Nd5 34. f5 gxf5 35. Qg5+ 1-0

[Event "HUN-ch U18"]
[Site "Paks"]
[Date "2000.04.17"]
[Round "4"]
[White "Gonczi, Jozsef"]
[Black "Boer, Jozsef"]
[Result "0-1"]
[WhiteElo "2224"]
[BlackElo "2172"]
[PlyCount "48"]
[EventDate "2000.04.14"]
[EventType "tourn"]
[EventRounds "9"]
[EventCountry "HUN"]
[SourceTitle "EXT 2004"]
[Source "ChessBase"]
[SourceDate "2003.11.25"]
[SourceVersion "1"]
[SourceVersionDate "2003.11.25"]
[SourceQuality "1"]

1. e4 c5 2. Nf3 e6 3. d4 cxd4 4. Nxd4 a6 5. Bd3 b5 6. 0-0 Bb7 7. Nc3 Qb6 8. Nb3 Be7 9. Qg4 g6 10. Be3 Qc7 11. f4 Nf6 12. Qh3 d6 13. Rae1 Nc6 14. Kh1 0-0 15. Nd4 Nxd4 16. Bxd4 e5 17. fxe5 dxe5 18. Qg3 Nd7 19. Rf5 Qd8 20. Bf2 Kh8 21. Rf3 f5 22. Qh3 Nf6 23. Bg1 b4 24. Nd1 fxe4 0-1

[Event "Tapolca op"]
[Site "Budapest"]
[Date "2000.01.10"]
[Round "4"]
[White "Boer, Jozsef"]
[Black "Molnar, Laszlo"]
[Result "0-1"]
[WhiteElo "2172"]
[BlackElo "2254"]
[PlyCount "90"]
[EventDate "2000.01.07"]
[EventType "swiss"]
[EventRounds "9"]
[EventCountry "HUN"]
[SourceTitle "EXT 2001"]
[Source "ChessBase"]
[SourceDate "2000.11.22"]
[SourceVersion "1"]
[SourceVersionDate "2000.11.22"]
[SourceQuality "1"]

1. e4 c5 2. Nf3 e6 3. d4 cxd4 4. Nxd4 Nf6 5. Bd3 Nc6 6. Be3 d5 7. Nxc6 bxc6 8. e5 Nd7 9. f4 Bc5 10. Bxc5 Nxc5 11. Nc3 Rb8 12. b3 Qa5 13. Qd2 Nxd3+ 14. cxd3 Rxb3 15. Nxd5 Qxd2+ 16. Kxd2 Rb2+ 17. Kc3 Rxg2 18. Nb4 c5 19. Nc2 Ba6 20. Ne3 Rf2 21. Rhg1 g6 22. Ng4 Rxf4 23. Nf6+ Ke7 24. Ne4 Rc8 25. Nd6 Rd8 26. Raf1 Rxf1 27. Rxf1 f5 28. Rb1 f4 29. Rb3 f3 30. Rb1 g5 31. h3 h5 32. Rg1 Rf8 33. Ne4 Rf5 34. Rf1 g4 35. hxg4 hxg4 36. Rg1 Rf4 37. Nf2 Kf7 38. Rxg4 Rxg4 39. Nxg4 Kg6 40. Kd2 Kf5 41. Nh2 Kf4 42. Nf1 c4 43. a4 cxd3 44. a5 f2 45. Ne3 Kf3 0-1

[Event "Hotel Agro op"]
[Site "Budapest"]
[Date "1999.08.02"]
[Round "4"]
[White "Kahn, Evarth"]
[Black "Boer, Jozsef"]
[Result "1-0"]
[WhiteElo "2305"]
[BlackElo "2144"]
[PlyCount "143"]
[EventDate "1999.07.30"]
[EventType "swiss"]
[EventRounds "9"]
[EventCountry "HUN"]
[SourceTitle "EXT 2004"]
[Source "ChessBase"]
[SourceDate "2003.11.25"]
[SourceVersion "1"]
[SourceVersionDate "2003.11.25"]
[SourceQuality "1"]

1. e4 c5 2. Nf3 Nc6 3. Bb5 e6 4. 0-0 Nge7 5. c3 a6 6. Ba4 b5 7. Bc2 d5 8. d4 dxe4 9. Bxe4 Nd5 10. Re1 c4 11. Ng5 Be7 12. Qf3 f5 13. Bxd5 Qxd5 14. Qh5+ g6 15. Qh6 Bf8 16. Qh3 h6 17. a4 Bg7 18. Nf3 Bb7 19. Nbd2 0-0-0 20. axb5 axb5 21. Nf1 g5 22. Ne3 Qd7 23. d5 Ne7 24. dxe6 Qxe6 25. Nxf5 Qxf5 26. Qg3 Nc6 27. Be3 Rde8 28. Bb6 Be5 29. Nxe5 Rxe5 30. Rxe5 Qxe5 31. Qg4+ Kb8 32. Qd7 Rc8 33. h3 h5 34. Rd1 Qe7 35. Qf5 Qe5 36. Qd7 Qe7 37. Qf5 Qe5 38. Qf7 Ne7 39. Qxh5 Nd5 40. Bd4 Qf4 41. Ra1 Qf5 42. Qh6 Rd8 43. Re1 Nf4 44. Qb6 Qd7 45. Re5 Nd3 46. Rxg5 Re8 47. Be3 Qc6 48. Qxb5 Qxb5 49. Rxb5 Kc7 50. h4 Bc6 51. Rg5 Ne1 52. h5 Nxg2 53. Rxg2 Bxg2 54. Kxg2 Rh8 55. h6 Kd6 56. Kf3 Ke6 57. Ke4 Kf7 58. Kd5 Rb8 59. Kxc4 Rxb2 60. Kd5 Rb1 61. c4 Ke7 62. c5 Rd1+ 63. Bd4 Rh1 64. Bg7 Kf7 65. c6 Rh5+ 66. Kd6 Rh1 67. c7 Rd1+ 68. Kc6 Rc1+ 69. Kb7 Rb1+ 70. Kc8 Rb3 71. Be5 Kg6 72. Kd7 1-0

[Event "Cseppko op-A 08th"]
[Site "Aggtelek"]
[Date "1999.07.09"]
[Round "6"]
[White "Berebora, Ferenc"]
[Black "Boer, Jozsef"]
[Result "1-0"]
[WhiteElo "2368"]
[BlackElo "2144"]
[PlyCount "65"]
[EventDate "1999.07.11"]
[EventType "swiss"]
[EventRounds "9"]
[EventCountry "HUN"]
[SourceTitle "EXT 2001"]
[Source "ChessBase"]
[SourceDate "2000.11.22"]
[SourceVersion "1"]
[SourceVersionDate "2000.11.22"]
[SourceQuality "1"]

1. Nf3 d5 2. c4 dxc4 3. Qa4+ c6 4. Qxc4 Nf6 5. g3 g6 6. Bg2 Bg7 7. 0-0 0-0 8. Nc3 Nbd7 9. d4 Nb6 10. Qd3 Be6 11. Rd1 Qc8 12. e4 Rd8 13. Qf1 Ne8 14. h3 Rd7 15. b3 Qd8 16. Be3 c5 17. Ne2 f5 18. Nf4 Nc7 19. Ng5 Bf7 20. Nxf7 Kxf7 21. dxc5 Bxa1 22. Rxa1 Nc8 23. exf5 gxf5 24. c6 bxc6 25. Bxc6 Rd6 26. Bxa8 Nxa8 27. Bc5 Rc6 28. Rd1 Qc7 29. b4 Nd6 30. Qe2 Ne4 31. Qh5+ Kg8 32. Qxf5 Nf6 33. Ne6 1-0

[Event "Cseppko op-A 08th"]
[Site "Aggtelek"]
[Date "1999.07.07"]
[Round "5"]
[White "Boer, Jozsef"]
[Black "Szabo, Gergely Andras"]
[Result "1-0"]
[WhiteElo "2144"]
[BlackElo "2250"]
[PlyCount "68"]
[EventDate "1999.07.11"]
[EventType "swiss"]
[EventRounds "9"]
[EventCountry "HUN"]
[SourceTitle "EXT 2001"]
[Source "ChessBase"]
[SourceDate "2000.11.22"]
[SourceVersion "1"]
[SourceVersionDate "2000.11.22"]
[SourceQuality "1"]

1. e4 e5 2. Nf3 Nc6 3. Bb5 a6 4. Ba4 Nf6 5. 0-0 Nxe4 6. d4 b5 7. Bb3 d5 8. dxe5 Be6 9. Be3 Na5 10. Nbd2 Nxd2 11. Qxd2 c5 12. c3 Nxb3 13. axb3 Be7 14. b4 d4 15. Bf4 dxc3 16. Qxc3 cxb4 17. Qc6+ Bd7 18. Qe4 0-0 19. Rfd1 Qe8 20. Rac1 Rc8 21. Qb7 Rxc1 22. Rxc1 a5 23. Rc7 Bc8 24. Qa7 Qd8 25. h3 Bh4 26. Nd4 Qd5 27. Nf3 Qd8 28. Be3 Be6 29. Kh2 Re8 30. g3 Be7 31. Nd4 Bd5 32. e6 Bxe6 33. Nc6 Qd1 34. Nxe7+ Kh8 1-0

[Event "Miskolc Avas op"]
[Site "Miskolc"]
[Date "1999.??.??"]
[Round "9"]
[White "Simon, Nandor"]
[Black "Boer, Jozsef"]
[Result "0-1"]
[WhiteElo "2100"]
[BlackElo "2125"]
[PlyCount "80"]
[EventDate "1999.??.??"]
[EventType "swiss"]
[EventRounds "9"]
[EventCountry "HUN"]
[SourceTitle "EXT 2000"]
[Source "ChessBase"]
[SourceDate "1999.11.16"]
[SourceVersion "1"]
[SourceVersionDate "1999.11.16"]
[SourceQuality "1"]

1. e4 c5 2. Nf3 Nc6 3. c3 d5 4. exd5 Qxd5 5. d4 e6 6. Be3 cxd4 7. cxd4 Nf6 8. Nc3 Qd8 9. Bb5 Bd7 10. 0-0 a6 11. Ba4 Be7 12. d5 exd5 13. Nxd5 Nxd5 14. Qxd5 0-0 15. Rfd1 Be6 16. Qe4 Qa5 17. Bxc6 bxc6 18. Qxc6 Rac8 19. Qb6 Qxb6 20. Bxb6 Bg4 21. Re1 Bf6 22. Ne5 Be6 23. Bd4 Rfd8 24. Bc3 Rd5 25. f4 h6 26. a3 g5 27. fxg5 hxg5 28. Nf3 Bxc3 29. bxc3 Rxc3 30. Rec1 Rcd3 31. Rc2 g4 32. Ne1 Rb3 33. Rc6 a5 34. Nc2 Rd2 35. Rc1 Kg7 36. Rc5 Bd5 37. Rxa5 Rxg2+ 38. Kf1 Rxh2 39. Rxd5 Rh1+ 40. Kf2 g3+ 0-1

[Event "Cseppko op 07th"]
[Site "Aggtelek"]
[Date "1998.??.??"]
[Round "?"]
[White "Boer, Jozsef"]
[Black "Bagoly, Janos"]
[Result "1-0"]
[WhiteElo "2110"]
[BlackElo "2115"]
[PlyCount "79"]
[EventDate "1998.??.??"]
[EventType "swiss"]
[EventRounds "9"]
[EventCountry "HUN"]
[SourceTitle "EXT 2002"]
[Source "ChessBase"]
[SourceDate "2001.11.25"]
[SourceVersion "1"]
[SourceVersionDate "2001.11.25"]
[SourceQuality "1"]

1. e4 e6 2. d4 d5 3. Nd2 Nf6 4. e5 Nfd7 5. Bd3 c5 6. c3 Nc6 7. Ne2 cxd4 8. cxd4 Nb6 9. 0-0 Bd7 10. Nf3 Be7 11. h3 a5 12. b3 a4 13. Be3 Nb4 14. Qd2 Nxd3 15. Qxd3 0-0 16. Nh2 Bc6 17. f4 Qd7 18. Nc3 Bb4 19. Rfc1 Rfc8 20. Bd2 Ba3 21. Re1 Ra6 22. Rab1 axb3 23. axb3 Bb4 24. Qg3 Be7 25. Ng4 Kh8 26. Ne3 f5 27. exf6 Bxf6 28. Ne2 Bb5 29. Ng4 Ra2 30. Nxf6 gxf6 31. Qe3 Rcc2 32. Nc3 Rxd2 33. Nxa2 Rxa2 34. Qxe6 Qxe6 35. Rxe6 Nd7 36. Rd6 Kg7 37. Rc1 Kf7 38. Rxd5 Ra5 39. b4 Nb6 40. Rh5 1-0